Tirade du nez - Cyrano de Bergerac (E. Rostand) - Statistiques

Statistiques générales
  • Ce quiz a été pris 103 fois
  • Le résultat moyen est 20 sur 54
Statistiques - réponses
Compléter Réponse % Correct
Ah ! ___ ! _'___ __ ___ _____, _____ _____ ! non ! c'est un peu court, jeune homme !
84%
Agressif : "___, ________, __ _'_____ __ ___ ___, Moi, monsieur, si j'avais un tel nez,
66%
Gracieux : "_____-____ _ __ _____ ___ ______ Aimez-vous à ce point les oiseaux
56%
Descriptif : "_'___ __ ___ ! ... _'___ __ ___ ! ... _'___ __ ___ ! C'est un roc ! ... c'est un pic ! ... c'est un cap !
53%
__ ________ ___-__-_____ ___ __ __ _'_________ !" Il faudrait sur-le-champ que je me l'amputasse !"
53%
Amical : "____ __ ____ _______ ____ _____ _____ Mais il doit tremper dans votre tasse
53%
___ ___-__, _'___ __ ___ ? ... _'___ ___ _________ !" Que dis-je, c'est un cap ? ... C'est une péninsule !"
53%
__ ______ __ ________ _ _____ _______ ______ ?" De tendre ce perchoir à leurs petites pattes ?"
50%
Naïf : "__ ________, _____ __ ______-_-__ ?" Ce monument, quand le visite-t-on ?"
47%
_'_________, ________, __ __ _____ _ _______ ?" D'écritoire, monsieur, ou de boîte à ciseaux ?"
47%
__ _______ ____... __ ! ____ ! ... ____ ___ ______ __ _____... On pouvait dire... Oh ! Dieu ! ... bien des choses en somme...
47%
____ _____, ______-____ _________ __ _____ !" Pour boire, faites-vous fabriquer un hanap !"
47%
___ ______________ ____ ____ ____________ Que paternellement vous vous préoccupâtes
47%
__ _______ __ ___, - ___ _______, _____ : En variant le ton, - par exemple, tenez :
44%
____ __'__ ______ __ ____ __ ___ __ ________ ?" Sans qu'un voisin ne crie au feu de cheminée ?"
44%
Truculent : "__, ________, _______ ____ _______, ça, monsieur, lorsque vous pétunez,
41%
Dramatique : "_'___ __ ___ _____ _____ __ ______ !" C'est la Mer Rouge quand il saigne !"
41%
Curieux : "__ ____ ____ _____ ________ _______ ? De quoi sert cette oblongue capsule ?
41%
__ ______ __ _____ ___ ____-____ __ ___ La vapeur du tabac vous sort-elle du nez
41%
Admiratif : "____ __ _________, ______ ________ !" Pour un parfumeur, quelle enseigne !"
41%
__________, ________, __ ____ __ ____ ___ !" Assurément, monsieur, ce sera le gros lot !"
38%
__ ____ ___ __ _______ __ ______ __ __ ____ !" De peur que sa couleur au soleil ne se fane !"
38%
_______ _________________________ Appelle Hippocampéléphantocamélos
34%
Pédant : "_'______ ____, ________, __'___________ L'animal seul, monsieur, qu'Aristophane
34%
____ _'______, _ __ ____ _________ ___ _____, Mais d'esprit, ô le plus lamentable des êtres,
34%
Militaire : "_______ ______ _________ !" Pointez contre cavalerie !"
34%
Pratique : "______-____ __ ______ __ _______ ? Voulez-vous le mettre en loterie ?
34%
_ _______ _'________ ! __ __ ______, __ _______ !" A détruit l'harmonie ! Il en rougit, le traître !"
31%
___ _____ ____ __ _____ ____ __ _____ ___ ____ _'__ !" Dut avoir sous le front tant de chair sur tant d'os !"
31%
_____ _________ ______ __ __ _______ : Enfin parodiant Pyrame en un sanglot :
31%
Lyrique : "___-__ ___ ______, ____-____ __ ______ ?" Est-ce une conque, êtes-vous un triton ?"
31%
Tendre : "______-___ _____ __ _____ _______ Faites-lui faire un petit parasol
31%
Prévenant : "______-____, _____ ____ _________ Gardez-vous, votre tête entraînée
31%
"__ _____ ____ __ ___ ___ ___ ______ __ ___ ______ Le voilà donc ce nez qui des traits de son maître
31%
____ __ __ _______ ___ __'__ _____ __ ___ serve. Mais je ne permets pas qu'un autre me les serve.
31%
__ ____ _____ __ ___ __ _______ __ _'______ Si vous aviez un peu de lettres et d'esprit
31%
- _____ __ __'_ ___ ____, ___ ____, ____ _'______ ___ Voilà ce qu'à peu près, mon cher, vous m'auriez dit
31%
___ _'____ ___ ___ _____ ___ _______ __ ___ : ___ ! Vous n'avez que les trois qui forment le mot : sot !
31%
____ _'__ _____ ______ __ _____, __ __ _______ Vous n'en eûtes jamais un atome, et de lettres
31%
__ __ ___ ____ ___-____, ____ _____ __ _____, Je me les sers moi-même, avec assez de verve,
28%
___ __ _____, __ ______ __ _____ ___ __ ___ !" Par ce poids, de tomber en avant sur le sol !"
28%
Empathique : "_____ ____ __ ____, ___ _________, Aucun vent ne peut, nez magistral,
25%
_'___ __ __ ___ _'_______ _____ ______ ___ ___ !" C'est là ce qui s'appelle avoir pignon sur rue !"
25%
__ __ ______ __ ____________ _'___, ___ De la moitié du commencement d'une, car
25%
_______-____ __, _'________, _'________ __'__ ____ Eussiez-vous eu, d'ailleurs, l'invention qu'il faut
25%
____ _______ __, ______ ___ ______ ________, Pour pouvoir là, devant ces nobles galeries,
25%
___ ____ _'__ _______ ___ ________ __ _____ Que vous n'en eussiez pas articulé le quart
25%
Respectueux : "________, ________, __'__ ____ _____, Souffrez, monsieur, qu'on vous salue,
25%
_'________ ____ ______, _______ __ _______ !" T'enrhumer tout entier, excepté le mistral !"
25%
_'___ ______'_____ _____ __ ___ ______'_____ ____ !" C'est queuqu'navet géant ou ben queuqu'melon nain !"
22%
Campagnard : "__, ____ ! _'___-_ __ ___ ? ______ ! Hé, ardé ! C'est-y un nez ? Nanain !
22%
__ ______ ______ ___ ______ _____________, Me servir toutes ces folles plaisanteries,
19%
____ ______ ___ _______, _'___ ________ ____ _______ !" Pour pendre son chapeau, c'est vraiment très commode !"
19%
Cavalier : "____, _'___, __ ____ ___ _ __ ____ ? Quoi, l'ami, ce croc est à la mode ?
19%
Aucun quiz correspondant
Distribution des résultats
% des personnes avec chaque résultat
Percentile par nombre de réponses
Votre historique - résultats
Vous n’avez pas pris ce quiz